| 000 | 01199cam a2200361 i 4500 | ||
|---|---|---|---|
| 001 | 27397 | ||
| 003 | KOSZ 005 | ||
| 005 | 20211118101806.0 | ||
| 008 | 070418s1973 pl a f f |000 0 pol | ||
| 015 | _aPB 1973/7409 | ||
| 040 |
_aWA N _cWA N _dKOSZ 005/HR |
||
| 046 | _k1973 | ||
| 080 | _a625.7/.8 | ||
| 080 | _a(075.3-021.66) | ||
| 100 | 1 |
_aRolla, Stefan _d(1917-2009) _eAutor |
|
| 245 | 1 | 0 |
_aTechnologia robót w budownictwie drogowym / _cStefan Rolla, Eugeniusz Sawicki. |
| 250 | _aWyd. 2 popr. | ||
| 260 |
_a[Warszawa] : _bPaństwowe Wydawnictwo Szkolnictwa Zawodowego, _cdr. 1973. |
||
| 300 |
_a599, [1] s., [3] k. tabl. : _bil. ; _c23 cm. |
||
| 380 | _aKsiążki | ||
| 388 | _a1901-2000 | ||
| 388 | _a1945-1989 | ||
| 504 | _aBibliogr. | ||
| 521 | 8 | _aDla kl. 3-5 techn. drog. | |
| 650 | 4 | _aDrogi | |
| 650 | 4 | _aBudownictwo infrastrukturalne | |
| 655 | 4 | _aPodręczniki dla szkół zawodowych | |
| 658 | _aTransport i logistyka | ||
| 658 | _aArchitektura i budownictwo | ||
| 700 | 1 |
_aSawicki, Eugeniusz _eAutor |
|
| 856 |
_uhttp://koha.tu.koszalin.pl/cgi-bin/koha/opac-detail.pl?biblionumber=27397 _yKatalog online BPK |
||
| 942 |
_2UKD _cKS |
||
| 999 |
_c27397 _d27397 |
||